Schaum's OutLine of Theory and Problems (Record no. 183971)
[ view plain ]
| 000 -LEADER | |
|---|---|
| fixed length control field | 01122 a2200241 4500 |
| 003 - CONTROL NUMBER IDENTIFIER | |
| control field | Nust |
| 005 - DATE AND TIME OF LATEST TRANSACTION | |
| control field | 20221201093845.0 |
| 010 ## - LIBRARY OF CONGRESS CONTROL NUMBER | |
| LC control number | 98086761 |
| 020 ## - INTERNATIONAL STANDARD BOOK NUMBER | |
| International Standard Book Number | 0123550459 (acid-free paper) |
| 035 ## - SYSTEM CONTROL NUMBER | |
| System control number | (DLC) 98086761 |
| 035 ## - SYSTEM CONTROL NUMBER | |
| System control number | (OCoLC)41621688 |
| 040 ## - CATALOGING SOURCE | |
| Transcribing agency | Nust |
| 082 00 - DEWEY DECIMAL CLASSIFICATION NUMBER | |
| Classification number | 536.7,ABB |
| 100 1# - MAIN ENTRY--PERSONAL NAME | |
| Personal name | Abbott Michael M |
| 9 (RLIN) | 7313 |
| 245 10 - TITLE STATEMENT | |
| Title | Schaum's OutLine of Theory and Problems |
| Remainder of title | Thermodynamics / |
| Statement of responsibility, etc. | Michael M Abbott |
| 260 ## - PUBLICATION, DISTRIBUTION, ETC. | |
| Place of publication, distribution, etc. | San Diego : |
| Name of publisher, distributor, etc. | Schaum's Outline Series |
| Date of publication, distribution, etc. | 1981. |
| 300 ## - PHYSICAL DESCRIPTION | |
| Extent | xii, 344 p. : |
| Other physical details | ill. ; |
| Dimensions | 26 cm. |
| 505 ## - FORMATTED CONTENTS NOTE | |
| Formatted contents note | Fundamentals concepts and first Principles (Page-1), The Second law of thermodynamics (Page-33), Mathematical Formulations (Page-64), Properties of pure Substance (Page-96), Equations of State (Page-143), Thermodynamics of flow processes (Page-181), Chemical Thermodynamics (Page-232), Thermodynamics Analysis (Page-311). |
| 650 #0 - SUBJECT ADDED ENTRY--TOPICAL TERM | |
| Topical term or geographic name entry element | Thermodynamics. |
| 856 42 - ELECTRONIC LOCATION AND ACCESS | |
| Materials specified | Publisher description |
| Uniform Resource Identifier | <a href="http://www.loc.gov/catdir/description/els033/98086761.html">http://www.loc.gov/catdir/description/els033/98086761.html</a> |
| 856 42 - ELECTRONIC LOCATION AND ACCESS | |
| Materials specified | Table of contents |
| Uniform Resource Identifier | <a href="http://www.loc.gov/catdir/toc/els032/98086761.html">http://www.loc.gov/catdir/toc/els032/98086761.html</a> |
| 942 ## - ADDED ENTRY ELEMENTS (KOHA) | |
| Source of classification or shelving scheme | |
| Koha item type | Book |
| Call number prefix | 536.7,ABB |
| Withdrawn status | Lost status | Source of classification or shelving scheme | Damaged status | Not for loan | Permanent Location | Current Location | Shelving location | Date acquired | Full call number | Barcode | Date last seen | Price effective from | Koha item type | Public note |
|---|---|---|---|---|---|---|---|---|---|---|---|---|---|---|
| Military College of Signals (MCS) | Military College of Signals (MCS) | General Stacks | 12/12/2016 | 536.7,ABB | MCS6310 | 12/08/2016 | 12/12/2016 | Book | Almirah No.16, Shelf No.3 |
